Earnings from two worlds - farm and nonfarm /

Hlavní autor: Loomis, Ralph A. 1922-
Jazyk: Angličtina
Vydáno: Washington : Agricultural Experiment Station, 1970
Edice: Washington Agricultural Experiment Station. Bulletin ; 728
Fyzický popis: 6 s.
Knihy
Uloženo v:
LEADER 00781nam a22002172a 4500
001 001723312
003 CZ BrMZK
005 20201216100035.0
007 ta
008 191220s1970 xxu er|||||||||||eng d
040 |a BOA001  |b cze  |e aacr2 
100 1 |a Loomis, Ralph A.  |q (Ralph Arthur),  |d 1922-  |7 mzk20201096861  |4 aut 
245 1 0 |a Earnings from two worlds - farm and nonfarm /  |c Ralph A. Loomis 
260 |a Washington :  |b Agricultural Experiment Station,  |c 1970 
300 |a 6 s. 
490 1 |a Washington Agricultural Experiment Station. Bulletin ;  |v 728 
810 2 |a Washington Agricultural Experiment Station.  |t Bulletin 
910 |a BOA001  |b X2-0665.679 
990 |a BK 
991 |b 201912 
996 7 |b 2618854017  |c X2-0665.679  |l MZK  |r Sklad / do 24 hodin  |n 0  |w 001774789  |u 000010  |a 1  |e BOA001  |j MZK50  |s A